| 000 | 00614nam a22001937a 4500 | ||
|---|---|---|---|
| 999 |
_c169884 _d169884 |
||
| 005 | 20191206152810.0 | ||
| 010 | _aA-442553 | ||
| 020 |
_c50.00 _a- |
||
| 035 | _aA-442553 | ||
| 037 | _bBPPD | ||
| 082 | _a270 | ||
| 100 | _aقا سمی عتيق ا حمد | ||
| 245 |
_aفکر کی غلطی _cقا سمی عتيق ا حمد |
||
| 246 |
_aFikr Ki Ghalti _bby Atiqu Ahmed Qasmi |
||
| 260 |
_aN.Delhi _c1990 ء _bQasi PublishersAnd Distributers |
||
| 270 |
_aWatege Building Hazrat Nizamuddin West, _bN.Delhi _k- _e110013 |
||
| 300 |
_a352 ص _c22 cm(hb) |
||
| 942 |
_2ddc _cUR _h270 _mق ا س |
||